Представление документа в формате RUSMARC

ПолеНазваниеЗначение
  Тип записи c
  Библиографический уровень m
001 Контрольный номер RU/УОНБ/EK_N/573044330
005 Дата корректировки 20250312135858.4
010 Индекс ISBN __
9 Тираж 2500 экз.
013 Номер (ISMN) __
a Номер (ISMN) 979-0-66003-393-7
d Цена 220 р.
100 Данные общей обработки __
a Данные общей обработки 20180227d2015 u y0rusy0189||||ca
101 Язык документа 0_
a Язык текста rus
f Язык титульного листа rus
102 Страна публикации __
a Страна публикации RU
105 Кодированные данные (монография) __
a Кодированные данные (монография) y###||||000|y
125 Кодированные данные звукозаписи и нотных изданий __
a Форма изложения нотного текста с|
128 Кодированные данные (звукозаписи-физические характеристики) __
a Кодированные данные: Музыкальная форма и тональность или лад zz
c Инструменты или голоса, рекомендуемые для солистов (устаревшее) ka||
200 Заглавие и сведения об ответственности 1_
a Заглавие Вып. 3
205 Сведения об издании __
a Основные сведения об издании Изд. 2-е
210 Выходные данные 1_
d Дата издания 2015
215 Физическое описание __
a Объем 78 с.
327 Примечание о содержании 11
a Примечание о содержании Содерж. : Альбинони Т. Адажио. - Моцарт В. А. Маленькая ночная серенада : ч. 1. - Брамс И. Венгерский танец № 5. - Сен-Санс К. Лебедь. - Чайковский П. Неаполитанская песенка. - Герман Ф. Очи черные : романс. - Карозоне Р. Гондоли, гондола. - Санта Лючия : неаполит. нар. песня. - Бородин А. Пляска половецких девушек : из оперы "Князь Игорь" : отрывок. - Вебер К. М. Хор охотников : из оперы "Вольный стрелок". - Гуно Ш. Куплеты Мефистофеля : из оперы "Фауст ". - Вагнер Р. Свадебный хор : из оперы "Лоэнгрин". - Леонкавалло Р. Ариозо Канио : из оперы "Паяцы". - Штраус И. Куплеты Адели : из оперетты "Летучая мышь". - Оффенбах Ж. Галоп (Канкан) : из комической оперы "Орфей в аду". - Чайковский П. Вальс цветов : из балета "Щелкунчик". - Годар Б. Вальс. - Джойс А. Воспоминание : вальс. - Вильельдо А. Эль-Чокло : аргент. танго. - Петерсбургский Е. Утомленное солнце. - Герман Дж. Хелло, Долли! - Вейль К. Песня : из "Трехгрошовой оперы". - Мендель Дж. Тень твоей улыбки. - Чаплин Ч. Мелодии.
461 Уровень набора _0
1 001RU/УОНБ/EK_N/573043463
1 200
a Золотые хиты
b Ноты
e для фп.
e оригинал. произведения и облегч. перелож.
f сост. Н. Сазонова
v Вып. 3
1 210
a Ростов-на-Дону
c Феникс
d 2015
1 225
a Любимые мелодии
464 Аналитический уровень _0
1 2001
a Адажио
1 700 1
a Альбинони
b Т.
464 Аналитический уровень _0
1 2001
a Маленькая ночная серенада
e ч. 1
1 700 1
a Моцарт
b В. А.
464 Аналитический уровень _0
1 2001
a Венгерский танец № 5
1 700 1
a Брамс
b И.
464 Аналитический уровень _0
1 2001
a Лебедь
1 700 1
a Сен-Санс
b К.
464 Аналитический уровень _0
1 2001
a Неаполитанская песенка
1 700 1
a Чайковский
b П.
464 Аналитический уровень _0
1 2001
a Очи черные
e романс
1 700 1
a Герман
b Ф.
464 Аналитический уровень _0
1 2001
a Гондоли, гондола
1 700 1
a Карозоне
b Р.
464 Аналитический уровень _0
1 2001
a Санта Лючия
e неаполит. нар. песня
464 Аналитический уровень _0
1 2001
a Пляска половецких девушек
e из оперы "Князь Игорь"
e отрывок
1 700 1
a Бородин
b А.
1 50010
a Князь Игорь
464 Аналитический уровень _0
1 2001
a Хор охотников
e из оперы "Вольный стрелок"
1 700 1
a Вебер
b К. М.
1 50010
a Вольный стрелок
464 Аналитический уровень _0
1 2001
a Куплеты Мефистофеля
e из оперы "Фауст"
1 700 1
a Гуно
b Ш.
1 50010
a Фауст
464 Аналитический уровень _0
1 2001
a Свадебный хор
e из оперы "Лоэнгрин"
1 700 1
a Вагнер
b Р.
1 50010
a Лоэнгрин
464 Аналитический уровень _0
1 2001
a Ариозо Канио
e из оперы "Паяцы"
1 700 1
a Леонкавалло
b Р.
1 50010
a Паяцы
464 Аналитический уровень _0
1 2001
a Куплеты Адели
e из оперетты "Летучая мышь"
1 700 1
a Штраус
b И.
1 50010
a Летучая мышь
464 Аналитический уровень _0
1 2001
a Галоп
a Канкан
e из комической оперы "Орфей в аду"
1 700 1
a Оффенбах
b Ж.
1 50010
a Орфей в аду
464 Аналитический уровень _0
1 2001
a Вальс цветов
e из балета "Щелкунчик"
1 700 1
a Чайковский
b П.
1 50010
a Щелкунчик
464 Аналитический уровень _0
1 2001
a Вальс
1 700 1
a Годар
b Б.
464 Аналитический уровень _0
1 2001
a Воспоминание
e вальс
1 700 1
a Джойс
b А.
464 Аналитический уровень _0
1 2001
a Эль-Чокло
e аргент. танго
1 700 1
a Вильельдо
b А.
464 Аналитический уровень _0
1 2001
a Утомленное солнце
1 700 1
a Петерсбургский
b Е.
464 Аналитический уровень _0
1 2001
a Хелло, Долли!
1 700 1
a Герман
b Дж.
464 Аналитический уровень _0
1 2001
a Тень твоей улыбки
1 700 1
a Мендель
b Дж.
464 Аналитический уровень _0
1 2001
a Мелодии
1 700 1
a Чаплин
b Ч.
464 Аналитический уровень _0
1 2001
a Песня
e из "Трехгрошовой оперы"
1 700 1
a Вейль
b К.
1 50010
a Трехгрошовая опера
512 Заглавие обложки 1_
a Заглавие обложки Золотые хиты
606 Тематические рубрики 0_
a Основная рубрика Фортепианная музыка
x Основная подрубрика Переложения
610 Ключевые слова 0_
a Ключевые слова фортепиано
610 Ключевые слова 0_
a Ключевые слова переложения
686 Индексы других классификаций __
a Классификационный индекс 85.954.2я43
2 Код системы rubbk
801 Источник записи _0
a Страна RU
b Организация Ульяновская ОНБ
c Дата составления 20180227
g Правила каталогизации RCR
801 Источник записи _1
a Страна RU
b Организация Ульяновская ОНБ
c Дата составления 20180227
g Правила каталогизации RCR
901 Тип документа __
t Тип документа n
w Контрольный № источника RU/УОНБ/EK_N/573043463
909 Создатель записи __
a Создатель записи Лобина Л. И.
910 Корректоры записи __
a Корректор записи Васина
938 Служебная информация __
a Имя БД noti
b Имя библиотеки УОНБ
c Имя АИБС МАРК-SQL
d Номер DOC_ID в БД 17848